000 00848nam a2200253 i 4500
001 180280
003 ES-MaACL
005 20240429100120.0
008 120522s2002 sp |||| | spa d
080 _a821.133.1-14"19"
100 1 _aAncet, Jacques.
_921400
245 1 0 _aSe busca a alguien
_b= On cherche quelqu'un /
_cJacques Ancet ; traducción de Amelia Gamoneda.
246 3 1 _aOn cherche quelqu'un
260 _a[Sevilla] :
_bSibila,
_c[2002]
300 _a35 p. ;
_c20 cm.
490 1 _aSibila ;
_v8
525 _aSuplemento de: Sibila: revista de arte, música y literatura, n. 8 (en. 2002)
594 _aPrólogo, Antonio Gamoneda.
700 1 _aGamoneda Lanza, Amelia.
_9150090
700 1 _aGamoneda, Antonio,
_d1931-
_953807
830 0 _aSibila ;
_v8
_9191240
852 _aES-MaACL
_j2297-F-47
999 _c180280
_d180280